Fr. Conceicao Rodrigues College of Engineering

SVD and signal processing (Record no. 22416)

MARC details
000 -LEADER
fixed length control field 00281nam a2200133Ia 4500
082 ## - DEWEY DECIMAL CLASSIFICATION NUMBER
Classification number 621.38043
Item number DEP
100 ## - MAIN ENTRY--PERSONAL NAME
Personal name Deprettere/F ed.
245 ## - TITLE STATEMENT
Title SVD and signal processing
260 ## - PUBLICATION, DISTRIBUTION, ETC.
Name of publisher, distributor, etc. North Holland
Date of publication, distribution, etc. 1988
300 ## - PHYSICAL DESCRIPTION
Extent 477
546 ## - LANGUAGE NOTE
Language note ENGLISH
654 ## - SUBJECT ADDED ENTRY--FACETED TOPICAL TERMS
Focus term svd
942 ## - ADDED ENTRY ELEMENTS (KOHA)
Koha item type Reference Book
Holdings
Withdrawn status Lost status Damaged status Not for loan Collection Home library Current library Date acquired Total Checkouts Full call number Barcode Date last seen Price effective from Koha item type
        CRC Fr. Agnel's C.Rodrigues College of Engineering Fr. Agnel's C.Rodrigues College of Engineering 17/03/2023   621.38043 DEP 14316 17/03/2023 17/03/2023 Reference Book